<?xml version="1.0" encoding="UTF-8"?>
<record
    xmlns:xsi="http://www.w3.org/2001/XMLSchema-instance"
    xsi:schemaLocation="http://www.loc.gov/MARC21/slim http://www.loc.gov/standards/marcxml/schema/MARC21slim.xsd"
    xmlns="http://www.loc.gov/MARC21/slim">

  <leader>01549nam a2200181Ia 4500</leader>
  <controlfield tag="008">230920s9999    xx            000 0 und d</controlfield>
  <datafield tag="020" ind1=" " ind2=" ">
    <subfield code="a">97808010267370801026733</subfield>
  </datafield>
  <datafield tag="041" ind1=" " ind2=" ">
    <subfield code="a">eng</subfield>
  </datafield>
  <datafield tag="050" ind1=" " ind2=" ">
    <subfield code="a">BS2675.52 </subfield>
    <subfield code="b">.G88 2015</subfield>
  </datafield>
  <datafield tag="100" ind1=" " ind2=" ">
    <subfield code="a">Guthrie, George H.</subfield>
  </datafield>
  <datafield tag="245" ind1=" " ind2="0">
    <subfield code="a">2 Corinthians</subfield>
    <subfield code="b"> /</subfield>
    <subfield code="c">George H. Guthrie </subfield>
  </datafield>
  <datafield tag="260" ind1=" " ind2=" ">
    <subfield code="a">Grand Rapids, Michigan : </subfield>
    <subfield code="b">Baker Academic, a division of Baker Publishing Group, </subfield>
    <subfield code="c">2015</subfield>
  </datafield>
  <datafield tag="300" ind1=" " ind2=" ">
    <subfield code="a">xxv, 710 p. : </subfield>
    <subfield code="b">ill. , map ; </subfield>
    <subfield code="c">24 cm.</subfield>
  </datafield>
  <datafield tag="490" ind1=" " ind2=" ">
    <subfield code="a">Baker Exegetical Commentary on the New Testament</subfield>
  </datafield>
  <datafield tag="505" ind1=" " ind2=" ">
    <subfield code="a">The letter opening and prologue (1:1-11) -- Letter opening (1:1-2) -- Prologue (1:3-11) -- The integrity of Paul's ministry (1:12-7:16) -- Why Paul did not come directly to Corinth (1:12-2:13) -- Paul's reflections on authentic ministry (2:14-7:4) -- When Titus arrived in Macedonia : the happy result when the Corinthians respond well (7:5-16) -- The ministry of giving (8:1-9:15) -- Paul's exhortation to finish the collection (8:1-15) -- Titus's mission (8:16-9:5) -- Reflections on resources for giving and the results (9:6-15) -- Paul confronts the malignant ministry of his opponents (10:1-13:13) -- Present or absent, Paul's authority is the same (10:1-11) -- Proper and improper boasting (10:12-18) -- Paul boasts like a fool to stop the false apostles (11:1-12:13) -- Preparation for the third visit (12:14-13:10) -- Closing exhortations, greetings, and benediction (13:11-13).</subfield>
  </datafield>
  <datafield tag="650" ind1=" " ind2=" ">
    <subfield code="a">Bible. Corinthians, 2nd Commentaries.Bible. Corinthians, 2nd Criticism, interpretation, etc..</subfield>
  </datafield>
  <datafield tag="999" ind1=" " ind2=" ">
    <subfield code="c">48365</subfield>
    <subfield code="d">48365</subfield>
  </datafield>
</record>
